000 01197cam a2200289 4500
008 040329n2004 000 0 eng u
020 _a0728204231
035 _a(Sirsi) u125659
041 _aeng
050 _a550
_c18
100 _aEvans, Gareth
245 _aGeology
_ba practical introduction for surveyors
260 _aLondon
_bEstates Gazette
_c2004
300 _avi, 142p.
_bill.
_c30cm.
350 _a28
520 _aAimed at surveyors, this book provides an overview of the various geological and other natural environmental risks that can affect property. Covers: the Earth and its history; minerals; rock types; rock structure; earthquake hazard; fossils; stratigraphy of the British Isles; landslides and mass movements; economic geology; worked and mined ground; natural voids and related problems; flood risk and coastal recession; and geological maps. References and glossary.
650 _aGEOLOGY
650 _aROCKS
650 _aMINERALS
650 _aGEOLOGICAL MAPS
650 _aGEOLOGICAL SURVEYS
650 _aEARTH SCIENCES
650 _aENVIRONMENTAL HAZARDS
650 _aSUBSIDENCE
690 _aENVIRONMENTAL AND LAND CONSULTANCY
942 _n0
999 _c103451
_d103451